000 00618cam a22002293a 4500
001 31573
003 PGUSA
005 20140828083701.0
008 100309s2010||||xxu|||||s|||||000 1 eng d
040 _aPGUSA
_beng
042 _adc
050 4 _aPQ
100 1 _aCabral, Guilherme Read
245 1 0 _aUm novo mundo
_h[electronic resource] /
_cGuilherme Read Cabral
260 _bProject Gutenberg,
_c2010
506 _aPublic domain in the USA.
516 _aElectronic text
653 _aScience fiction
830 0 _aProject Gutenberg
_v31573
856 4 0 _uhttp://www.gutenberg.org/ebooks/31573
942 _cEB
999 _c260828
_d260828